| 000 | 00587nam a2200205Ia 4500 | ||
|---|---|---|---|
| 008 | 170504s9999 xx 000 0 und d | ||
| 050 | _aHD 28 | ||
| 050 | _b.Uy97 2016 | ||
| 100 | _aUy, Kevin Charles M. | ||
| 245 | _aEvents management system for ADG event planner station co. / | ||
| 245 | _cKevin Charles M. Uy. | ||
| 260 | _aLas PiƱas, Philippines : | ||
| 260 | _bSISC, | ||
| 260 | _c2016. | ||
| 300 | _a148 pages : | ||
| 300 | _billustrations ; | ||
| 300 | _c28 cm. | ||
| 500 | _aIncludes bibliographical references and appendices. | ||
| 521 | _aInformation Technology | ||
| 999 |
_c329745 _d329745 |
||